000 00293nam a22001337a 4500
020 _a978-93-84321-60-4
082 _a894.812.3
_bSWI/G
100 _aSWIFT,JONATHAN
245 _aGALLIVARUDA YATHRAKAL
260 _aTHRISSUR
_bH&C BOOKS
300 _a48
650 _aSTORY
_zKERALA
942 _cBK
999 _c6949
_d6949